LEADER 01240nam2-2200373li-450
001 990000131430203316
005 20180312154718.0
035 $a0013143
035 $aUSA010013143
035 $a(ALEPH)000013143USA01
035 $a0013143
100 $a2001990041979-------y0itay0103----ba
101 0 $aeng
102 $aUS
200 1 $aIntroduction to modern liquid chromatography$fL.R.Snyder, J.J. Kirkland
210 $aNew York$cJohn Wiley & Sons$dcopyr. 1979
215 $aXIX, 863 p.$d23 cm
225 2 $a<> Wiley-Interscience publication$v0
410 0$10010013140$12001$a<> Wiley-Interscience publication
700 1$aSnyder,$bLloyd R.$075155
702 1$aKirkland,$bJoseph Jack
801 $aSistema bibliotecario di Ateneo dell' Università di Salerno$gRICA
912 $a990000131430203316
951 $a544.924 SNY (A)$b10572/CBS$c544.924$d00222460
959 $aBK
969 $aSCI
979 $c19900423
979 $c20001110$lUSA01$h1711
979 $c20020403$lUSA01$h1620
979 $aPATRY$b90$c20040406$lUSA01$h1610
979 $aRSIAV6$b90$c20090707$lUSA01$h0947
979 $aRSIAV6$b90$c20090707$lUSA01$h0949
996 $aIntroduction to Modern Liquid Chromatography$9127585
997 $aUNISA
LEADER 01520nam--2200421---450-
001 990000705240203316
005 20080111144436.0
010 $a92-823-0215-6
035 $a0070524
035 $aUSA010070524
035 $a(ALEPH)000070524USA01
035 $a0070524
100 $a20011023d1990----km-y0itay0103----ba
101 $afre
102 $aLU
105 $a||||||||001yy
200 1 $a<>impact de l'unification allemande sur la Communauté européenne$eParlament européen, Direction générale des études
210 $aLuxembourg$cOffice des publications officielles des Communautés européennes$d1990
215 $a179 p.$d30 cm
225 2 $aDossier d'études et de documnetation$iDocument de travail$v1
410 0$12001$aDossier d'études et de documnetation$iDocument de travail$v1
601 02$aComunità europea e Germania
607 $aGermania$xRiunificazione$z1984-1989
676 $a943.0878
699 $a01.02$bUnione europea. Unificazione
710 02$aPARLAMENTO EUROPEO$0324711
801 0$aIT$bsalbc$gISBD
912 $a990000705240203316
951 $aCDE 01.02 (XXXI)$bCDE 334$cCDE 01.02$d00148803
959 $aBK
969 $aCDE
979 $aPATTY$b90$c20011023$lUSA01$h1913
979 $c20020403$lUSA01$h1719
979 $aPATRY$b90$c20040406$lUSA01$h1648
979 $aMARIAS$b90$c20080111$lUSA01$h1435
979 $aMARIAS$b90$c20080111$lUSA01$h1444
996 $aImpact de l'unification allemande sur la Communauté européenne$9961658
997 $aUNISA
LEADER 00962nam a2200301 i 4500
001 991001083709707536
005 20020507111034.0
008 970308s1971 uk ||| | eng
035 $ab10171320-39ule_inst
035 $aLE00641869$9ExL
040 $aDip.to Fisica$bita
084 $a53.0.692
084 $a53.7.1
084 $a53.7.3
084 $a53.8.8
084 $a548'.83
084 $aQD945
100 1 $aJeffery, J.W.$0462852
245 10$aMethods in x-ray crystallography /$cJ.W. Jeffery
260 $aLondon :$bAcademic Press,$c1971
300 $axxix, 571 p. :$bill. ;$c24 cm.
650 4$aX-ray crystallography
907 $a.b10171320$b21-09-06$c27-06-02
912 $a991001083709707536
945 $aLE006 53.0.692 JEF$g1$i2006000039871$lle006$o-$pE0.00$q-$rl$s- $t0$u1$v0$w1$x0$y.i10210088$z27-06-02
996 $aMethods in x-ray crystallography$9189800
997 $aUNISALENTO
998 $ale006$b01-01-97$cm$da $e-$feng$guk $h0$i1